Tak rýchlo, a predsa tak pomaly Tri dôvody, prečo sa tak ponáhľame do Európskej únie

Vstup štátov strednej a východnej Európy do Európskej únie. Kritériá pre vstup do Európskej únie. Navrhovaný pevný termín prijatia štátov strednej a východnej Európy do Európskej únie.

Salvato in:
Dettagli Bibliografici
Autore principale: Krátka, Dáša
Natura: Capitolo di libro
Lingua:slovacco
Soggetti:
Tags: Aggiungi Tag
Nessun Tag, puoi essere il primo ad aggiungerne!!

MARC

LEADER 00000naa a2200000 4500
001 r018723
005 20221213100617.2
041 0 |a slo 
044 |a SK 
245 1 0 |a Tak rýchlo, a predsa tak pomaly  |b Tri dôvody, prečo sa tak ponáhľame do Európskej únie  |c Dáša Krátka 
520 |a Vstup štátov strednej a východnej Európy do Európskej únie. Kritériá pre vstup do Európskej únie. Navrhovaný pevný termín prijatia štátov strednej a východnej Európy do Európskej únie. 
610 2 0 |a Európska únia 
610 2 0 |a stredná Európa 
610 2 0 |a východná Európa 
610 2 0 |a integrácia ekonomická medzinárodná 
100 1 |a Krátka, Dáša